[Event "Lisbon Portugal rapid op"]
[Site "Lisbon"]
[Date "2022.09.03"]
[Round "3"]
[White "Mariani, Daniel Brandao"]
[Black "Dias, Paulo Jorge Guimara"]
[Result "1/2-1/2"]
[WhiteElo "2016"]
[BlackElo "2341"]
[PlyCount "110"]
[EventDate "2022.09.03"]
[EventType "swiss (rapid)"]
[EventRounds "11"]
[EventCountry "POR"]
[SourceTitle "CBM 210 Extra"]
[Source "ChessBase"]
[SourceDate "2022.11.30"]
[SourceVersion "1"]
[SourceVersionDate "2022.11.30"]
[SourceQuality "1"]

1. d4 Nf6 2. c4 e6 3. Nc3 Bb4 4. f3 d5 5. a3 Bxc3+ 6. bxc3 c5 7. cxd5 exd5 8. e3 0-0 9. Bd3 Re8 10. Ne2 b6 11. 0-0 Ba6 12. Ng3 Bxd3 13. Qxd3 Nc6 14. Ra2 Rc8 15. Re2 Qc7 16. e4 cxd4 17. cxd4 Na5 18. e5 Nd7 19. Nf5 Qc3 20. Qb5 Rc6 21. Qxd5 Nf8 22. Nd6 Re6 23. Ne4 Qd3 24. Ree1 Nb3 25. Ng5 Nxd4 26. Qe4 Qc4 27. Nxe6 Nfxe6 28. Be3 Nc2 29. Qxc4 Rxc4 30. Re2 Nxa3 31. f4 g6 32. Rc1 Nxf4 33. Bxf4 Rxf4 34. Ra2 Nb5 35. Re1 Rb4 36. e6 fxe6 37. Rxe6 Kg7 38. Re7+ Kh6 39. Rd2 a5 40. Rdd7 Nd4 41. h4 Kh5 42. Rxh7+ Kg4 43. Kf2 Rb2+ 44. Ke3 Nf5+ 45. Kd3 Rxg2 46. Rb7 Rb2 47. Kc3 Rb4 48. Rbc7 Nxh4 49. Rc4+ Rxc4+ 50. Kxc4 Nf5 51. Kb5 g5 52. Kxb6 a4 53. Ra7 Kf3 54. Rxa4 g4 55. Rxg4 Kxg4 1/2-1/2

[Event "Florianopolis Winter op 6th"]
[Site "Florianopolis"]
[Date "2022.07.13"]
[Round "2"]
[White "Mariani, Daniel Brandao"]
[Black "Mekhitarian, Krikor Sevag"]
[Result "0-1"]
[WhiteElo "2028"]
[BlackElo "2542"]
[PlyCount "64"]
[EventDate "2022.07.13"]
[EventType "swiss"]
[EventRounds "9"]
[EventCountry "BRA"]
[SourceTitle "CBM 209 Extra"]
[Source "ChessBase"]
[SourceDate "2022.09.30"]
[SourceVersion "1"]
[SourceVersionDate "2022.09.30"]
[SourceQuality "1"]

1. c4 c5 2. g3 Nc6 3. Bg2 g6 4. Nc3 Bg7 5. d3 e6 6. Nf3 Nge7 7. Bg5 h6 8. Bd2 d5 9. cxd5 exd5 10. a3 0-0 11. Rb1 b6 12. Qc1 Nf5 13. b4 cxb4 14. axb4 Bb7 15. 0-0 Rc8 16. Qa3 Re8 17. Rfd1 Ba8 18. e4 Nfe7 19. Bh3 f5 20. Qb3 Kh7 21. exf5 Nxf5 22. Bxf5 gxf5 23. d4 Nxd4 24. Nxd4 Bxd4 25. Nb5 Bg7 26. Bf4 d4 27. Nd6 Rc3 28. Qf7 Rf8 29. Qxa7 Rc6 30. Be5 Rc7 31. Qxb6 Bxe5 32. Nb5 Qd5 0-1

[Event "Florianopolis op 8th"]
[Site "Florianopolis"]
[Date "2022.01.29"]
[Round "8"]
[White "Quiroga, Angel"]
[Black "Mariani, Daniel Brandao"]
[Result "0-1"]
[WhiteElo "1837"]
[BlackElo "2047"]
[PlyCount "86"]
[EventDate "2022.01.24"]
[EventType "swiss"]
[EventRounds "10"]
[EventCountry "BRA"]
[SourceTitle "EXT 2023"]
[Source "ChessBase"]
[SourceDate "2022.10.05"]
[SourceVersion "1"]
[SourceVersionDate "2022.10.05"]
[SourceQuality "1"]

1. d4 d5 2. c4 c6 3. Nc3 Nf6 4. Nf3 a6 5. cxd5 cxd5 6. e3 Bf5 7. Bd3 Bxd3 8. Qxd3 e6 9. 0-0 Nc6 10. e4 Nb4 11. Qe2 dxe4 12. Nxe4 Nxe4 13. Qxe4 Qd5 14. Qxd5 Nxd5 15. Bd2 Bd6 16. Rfc1 f6 17. Rc2 Kd7 18. Rac1 g5 19. Kf1 h5 20. Ne1 g4 21. g3 h4 22. Nd3 hxg3 23. hxg3 Rh1+ 24. Kg2 Rxc1 25. Rxc1 Rh8 26. b3 Rh5 27. Rh1 Rxh1 28. Kxh1 Kc6 29. Kg2 Ne7 30. Bb4 Nf5 31. Bxd6 Kxd6 32. Nc5 Nxd4 33. Nxb7+ Kc6 34. Na5+ Kb5 35. Nb7 Kb4 36. Kf1 Ka3 37. Nc5 a5 38. Nb7 Nc6 39. Ke2 Kxa2 40. Nxa5 Nxa5 41. b4 Nc6 42. Ke3 Nxb4 43. Kf4 Nd3+ 0-1

[Event "Florianopolis op 8th"]
[Site "Florianopolis"]
[Date "2022.01.28"]
[Round "7"]
[White "Mariani, Daniel Brandao"]
[Black "Menezes, Jose Eduardo Carnei"]
[Result "1-0"]
[WhiteElo "2047"]
[BlackElo "1818"]
[PlyCount "43"]
[EventDate "2022.01.24"]
[EventType "swiss"]
[EventRounds "10"]
[EventCountry "BRA"]
[SourceTitle "CBM 206 Extra"]
[Source "ChessBase"]
[SourceDate "2022.03.31"]
[SourceVersion "1"]
[SourceVersionDate "2022.03.31"]
[SourceQuality "1"]

1. d4 Nf6 2. c4 e6 3. Nc3 Bb4 4. f3 Bxc3+ 5. bxc3 0-0 6. e4 d6 7. Bd3 e5 8. Ne2 b6 9. 0-0 Bb7 10. Ng3 Nc6 11. Bg5 h6 12. Be3 Ne7 13. f4 exf4 14. Bxf4 Ng6 15. Bd2 Re8 16. Qf3 Kh7 17. Rae1 Qd7 18. Nf5 Ng8 19. h4 Kh8 20. Qg3 h5 21. Qg5 Nh6 22. Nxg7 1-0